[Event "VIE-chT"]
[Site "Ho Chi Minh City"]
[Date "2017.07.24"]
[Round "2.44"]
[White "Nguyen, Anh Nguyen"]
[Black "Nguyen, Ung Bach"]
[Result "0-1"]
[WhiteElo "2006"]
[BlackElo "2034"]
[PlyCount "56"]
[EventDate "2017.07.24"]
[EventType "team-swiss"]
[EventRounds "9"]
[EventCountry "VIE"]
[SourceTitle "EXT 2019"]
[Source "ChessBase"]
[SourceDate "2018.10.10"]
[SourceVersion "1"]
[SourceVersionDate "2018.10.10"]
[SourceQuality "1"]

1. e4 c5 2. Nf3 d6 3. Nc3 Nf6 4. d3 Nc6 5. h3 e6 6. Be2 Be7 7. 0-0 0-0 8. Bf4 a6 9. Re1 b5 10. e5 Nd5 11. exd6 Nxf4 12. dxe7 Nxe2+ 13. Rxe2 Nxe7 14. Re5 Qb6 15. Ne4 Nd5 16. Rg5 f6 17. Rg3 e5 18. Kf1 h6 19. Nh4 f5 20. Rg6 Qd8 21. Qh5 Nf4 22. Qxh6 Nxg6 23. Qxg6 fxe4 24. Qh5 Qf6 25. f3 exf3 26. Nxf3 Bb7 27. Ke2 Bxf3+ 28. gxf3 Qf5 0-1

[Event "VIE-chT"]
[Site "Ho Chi Minh City"]
[Date "2017.07.24"]
[Round "1.13"]
[White "Nguyen, Ung Bach"]
[Black "To, Nhat Minh"]
[Result "0-1"]
[WhiteElo "2034"]
[BlackElo "2327"]
[PlyCount "86"]
[EventDate "2017.07.24"]
[EventType "team-swiss"]
[EventRounds "9"]
[EventCountry "VIE"]
[SourceTitle "EXT 2019"]
[Source "ChessBase"]
[SourceDate "2018.10.10"]
[SourceVersion "1"]
[SourceVersionDate "2018.10.10"]
[SourceQuality "1"]

1. Nf3 d5 2. g3 Bg4 3. Bg2 Nd7 4. c4 e6 5. d4 c6 6. 0-0 Ngf6 7. b3 Be7 8. Ba3 0-0 9. Bxe7 Qxe7 10. Nc3 Rfd8 11. Qd2 Bxf3 12. Bxf3 dxc4 13. bxc4 Ne5 14. Ne4 Nxc4 15. Nxf6+ Qxf6 16. Qb4 Nd6 17. Kg2 Rd7 18. a4 Qd8 19. e3 Qb6 20. Qxb6 axb6 21. Rfb1 Nc8 22. Kf1 Kf8 23. Ke2 Ke7 24. Kd2 Kd8 25. Kc3 Kc7 26. Kb4 Nd6 27. Be2 Ra5 28. Rc1 Rd8 29. Rab1 Rda8 30. Bd1 e5 31. dxe5 Rxe5 32. Rb2 b5 33. a5 Re4+ 34. Kb3 Rxa5 35. Be2 Re7 36. Rbc2 f5 37. Bf3 Nc4 38. Be2 Ra3+ 39. Kb4 Ra4+ 40. Kb3 Na5+ 41. Kb2 Rd7 42. Rc5 Kb6 43. Rxf5 Rd2+ 0-1

[Event "VIE-ch U13"]
[Site "Ho Chi Minh City"]
[Date "2014.07.14"]
[Round "3"]
[White "Phan, Nguyen Dang Khoa"]
[Black "Nguyen, Ung Bach"]
[Result "1/2-1/2"]
[WhiteElo "1782"]
[BlackElo "1806"]
[PlyCount "108"]
[EventDate "2014.07.13"]
[EventType "swiss"]
[EventRounds "9"]
[EventCountry "VIE"]
[SourceTitle "EXT 2016"]
[Source "ChessBase"]
[SourceDate "2015.10.08"]
[SourceVersion "1"]
[SourceVersionDate "2015.10.08"]
[SourceQuality "1"]

1. e4 c5 2. Nc3 Nc6 3. f4 d6 4. Nf3 Nf6 5. Bb5 Bd7 6. 0-0 a6 7. Bc4 e6 8. a3 Be7 9. d3 0-0 10. Be3 b5 11. Ba2 Qc7 12. Qe2 Rfc8 13. Qf2 Ng4 14. Qe2 Nxe3 15. Qxe3 Qa7 16. Nd2 Nd4 17. Rac1 c4 18. Kh1 cxd3 19. cxd3 Nc6 20. Qf3 Rab8 21. f5 Ne5 22. Qg3 Bf6 23. fxe6 Bxe6 24. Bxe6 fxe6 25. Rxf6 Nxd3 26. Rcf1 Nxb2 27. Rf7 Qxf7 28. Rxf7 Kxf7 29. Ne2 e5 30. Qb3+ Nc4 31. Qb4 Ke7 32. Nf3 a5 33. Qb3 b4 34. axb4 axb4 35. Ng5 h6 36. Nf3 Na5 37. Qa4 b3 38. Qxa5 b2 39. Nd2 Rc1+ 40. Ng1 b1Q 41. Nxb1 Rbxb1 42. Qa7+ Kf6 43. Qf2+ Ke6 44. Qa2+ Ke7 45. Qa7+ Kf8 46. Qa8+ Kf7 47. Qa2+ Kg6 48. Qe6+ Kh7 49. Qf5+ Kg8 50. Qe6+ Kh8 51. h3 Rxg1+ 52. Kh2 Rh1+ 53. Kg3 Rbd1 54. Qc8+ Kh7 1/2-1/2